[Event "17. Europa ch Juvenil - Masculino s16"]
[Site "Sibenik CRO"]
[Date "2007.09.15"]
[Round "2.20"]
[White "Nabaty, Tamir"]
[Black "Ben, Tomer"]
[Result "1-0"]
[WhiteElo "2421"]
[BlackElo "1966"]
[PlyCount "39"]
[EventDate "2007.09.14"]
[EventType "swiss"]
[EventRounds "9"]
[EventCountry "CRO"]
[Source "lmi"]
[SourceDate "2007.09.14"]

1. d4 Nf6 2. Nc3 d5 3. Bg5 Bf5 4. Bxf6 exf6 5. e3 c6 6. Bd3 Be6 7. Qf3 Bd6 8.
Nge2 O-O 9. Nf4 Nd7 10. Nce2 Qc7 11. g4 Rfe8 12. h4 c5 13. c3 Qa5 14. Kf1 Rad8
15. g5 Be7 16. g6 h6 17. Rg1 Bf8 18. gxf7+ Bxf7 19. Qh3 Qc7 20. Qf5 1-0

[Event "17. Europa ch Juvenil - Masculino s16"]
[Site "Sibenik CRO"]
[Date "2007.09.15"]
[Round "2.21"]
[White "Ter Schegget, Bram"]
[Black "Chirila, Ioan Cristian"]
[Result "0-1"]
[WhiteElo "2129"]
[BlackElo "2345"]
[PlyCount "62"]
[EventDate "2007.09.14"]
[EventType "swiss"]
[EventRounds "9"]
[EventCountry "CRO"]
[Source "lmi"]
[SourceDate "2007.09.14"]

1. e4 c5 2. Nf3 Nc6 3. d4 cxd4 4. Nxd4 Qb6 5. Nb3 Nf6 6. Nc3 e6 7. Be3 Qc7 8.
Bd3 d6 9. O-O a6 10. a4 b6 11. f4 Be7 12. Qf3 Bb7 13. Qg3 O-O 14. f5 Kh8 15.
Qh3 exf5 16. Qxf5 Ne5 17. a5 bxa5 18. h3 Rab8 19. Be2 Bc8 20. Qf2 Be6 21. Bxa6
Bxb3 22. cxb3 Rxb3 23. Nb5 Qd7 24. Nd4 Nxe4 25. Qe2 Ng3 26. Qf2 Nxf1 27. Nxb3
Nxe3 28. Qxe3 a4 29. Nd4 Rb8 30. Rc1 h6 31. Nb5 Bg5 0-1

[Event "17. Europa ch Juvenil - Masculino s16"]
[Site "Sibenik CRO"]
[Date "2007.09.15"]
[Round "2.22"]
[White "Gevorkian, David"]
[Black "Golichenko, Ilija"]
[Result "0-1"]
[WhiteElo "2096"]
[BlackElo "2306"]
[PlyCount "122"]
[EventDate "2007.09.14"]
[EventType "swiss"]
[EventRounds "9"]
[EventCountry "CRO"]
[Source "lmi"]
[SourceDate "2007.09.14"]

1. g3 Nf6 2. Bg2 e6 3. d3 d5 4. Nd2 b6 5. e4 Bb7 6. e5 Nfd7 7. Ngf3 c5 8. O-O
Nc6 9. Re1 Qc7 10. Qe2 Be7 11. Nf1 h6 12. h4 Nd4 13. Nxd4 cxd4 14. Qg4 g5 15.
hxg5 hxg5 16. Qxd4 Qxc2 17. Bd2 Ba6 18. Rac1 Qxd3 19. Qg4 Rc8 20. Re3 Qh7 21.
Rxc8+ Bxc8 22. Qa4 O-O 23. b4 a5 24. bxa5 bxa5 25. Qxa5 Bc5 26. Rc3 Bb6 27. Qa8
Qf5 28. Ne3 Qb1+ 29. Bf1 Nc5 30. Ng4 Ba6 31. Rc1 Rxa8 32. Rxb1 Bxf1 33. Nf6+
Kg7 34. Kxf1 Bc7 35. Bxg5 Bxe5 36. Ng4 Bc3 37. Rc1 d4 38. Rc2 Ne4 39. Bh6+ Kg6
40. Bc1 f6 41. Re2 Nc5 42. Rc2 Na4 43. Bd2 e5 44. f3 Kf5 45. Ke2 Ke6 46. Nf2
Bxd2 47. Kxd2 Nc3 48. Ne4 Nxe4+ 49. fxe4 Ra3 50. g4 Rg3 51. Rc6+ Kf7 52. a4
Rxg4 53. a5 Rxe4 54. a6 Re3 55. Rc8 Ra3 56. Ra8 Ke6 57. a7 Kf5 58. Kc2 Ke4 59.
Rf8 Rxa7 60. Rxf6 Ke3 61. Rh6 d3+ 0-1

[Event "17. Europa ch Juvenil - Masculino s16"]
[Site "Sibenik CRO"]
[Date "2007.09.15"]
[Round "2.23"]
[White "Baron, Tal"]
[Black "Filippas, Sebastian"]
[Result "1-0"]
[WhiteElo "2232"]
[BlackElo "2145"]
[PlyCount "35"]
[EventDate "2007.09.14"]
[EventType "swiss"]
[EventRounds "9"]
[EventCountry "CRO"]
[Source "lmi"]
[SourceDate "2007.09.14"]

1. e4 c5 2. Nf3 d6 3. d4 Nf6 4. Nc3 cxd4 5. Nxd4 a6 6. Bg5 e6 7. f4 Nc6 8. e5
h6 9. Bh4 Nxd4 10. Qxd4 dxe5 11. Qxd8+ Kxd8 12. fxe5 g5 13. O-O-O+ Ke8 14. exf6
gxh4 15. Nb5 axb5 16. Bxb5+ Bd7 17. Rxd7 Ra5 18. Rhd1 1-0

[Event "17. Europa ch Juvenil - Masculino s16"]
[Site "Sibenik CRO"]
[Date "2007.09.15"]
[Round "2.24"]
[White "Hohluks, Aleksandrs"]
[Black "Yaksin, Oleg"]
[Result "0-1"]
[WhiteElo "2056"]
[BlackElo "2231"]
[PlyCount "94"]
[EventDate "2007.09.14"]
[EventType "swiss"]
[EventRounds "9"]
[EventCountry "CRO"]
[Source "lmi"]
[SourceDate "2007.09.14"]

1. d4 d5 2. Nf3 Nf6 3. Bf4 e6 4. e3 Nbd7 5. Nbd2 c5 6. c3 Qb6 7. Rb1 Bd6 8. Bg3
O-O 9. Bd3 Qc7 10. Bxd6 Qxd6 11. O-O e5 12. Nxe5 Nxe5 13. dxe5 Qxe5 14. Nf3 Qc7
15. h3 Be6 16. Qc2 g6 17. Rbd1 Rad8 18. Rfe1 a6 19. a4 Qa5 20. Ng5 Bd7 21. Ra1
c4 22. Bf1 Bf5 23. Qc1 Nd7 24. e4 dxe4 25. g4 h6 26. gxf5 hxg5 27. fxg6 Qf5 28.
gxf7+ Kxf7 29. Qe3 Kg7 30. Qxe4 Qxf2+ 31. Kh1 Nf6 32. Qxb7+ Rf7 33. Qg2 Qf4 34.
Qh2 Qf3+ 35. Qg2 Qxg2+ 36. Kxg2 Nh5 37. Bxc4 Rd2+ 38. Kg1 Rff2 39. Re7+ Kf8 40.
Re3 Rg2+ 41. Kf1 Ng3+ 42. Ke1 Rxb2 43. Rf3+ Ke7 44. Bxa6 Rg1+ 45. Bf1 Re2+ 46.
Kd1 Rh2 47. Ke1 Nxf1 0-1

[Event "17. Europa ch Juvenil - Masculino s16"]
[Site "Sibenik CRO"]
[Date "2007.09.15"]
[Round "2.27"]
[White "Ivanov L, Stojan"]
[Black "Muheim, Sebastian"]
[Result "1-0"]
[WhiteElo "2149"]
[BlackElo "2005"]
[PlyCount "45"]
[EventDate "2007.09.14"]
[EventType "swiss"]
[EventRounds "9"]
[EventCountry "CRO"]
[Source "lmi"]
[SourceDate "2007.09.14"]

1. e4 e5 2. Nf3 Nf6 3. Nxe5 d6 4. Nf3 Nxe4 5. Nc3 Nxc3 6. dxc3 Be7 7. Bf4 O-O
8. Qd2 Nd7 9. O-O-O Nc5 10. Be3 Ne6 11. h4 c6 12. Bd3 f5 13. g3 b5 14. Ng5 Nxg5
15. Bxg5 Bxg5 16. hxg5 Be6 17. Qf4 g6 18. Be2 Bd5 19. Rxd5 cxd5 20. Bf3 Qe7 21.
Bxd5+ Kh8 22. Qd4+ Qg7 23. Rxh7+ 1-0

[Event "17. Europa ch Juvenil - Masculino s16"]
[Site "Sibenik CRO"]
[Date "2007.09.15"]
[Round "2.28"]
[White "Nitelea, Barbu Alexandru"]
[Black "Pomaro, Alberto"]
[Result "1-0"]
[WhiteElo "2012"]
[BlackElo "2149"]
[PlyCount "85"]
[EventDate "2007.09.14"]
[EventType "swiss"]
[EventRounds "9"]
[EventCountry "CRO"]
[Source "lmi"]
[SourceDate "2007.09.14"]

1. e4 e6 2. d4 d5 3. exd5 exd5 4. Nf3 Bd6 5. c4 Nf6 6. Nc3 dxc4 7. Bxc4 O-O 8.
O-O a6 9. a4 Nc6 10. h3 Bf5 11. Re1 Nb4 12. Re2 c6 13. a5 h6 14. Qb3 Nd7 15.
Ne5 Nxe5 16. dxe5 Bc5 17. Ne4 Be7 18. Qg3 Kh7 19. Nd6 Bxd6 20. exd6 Re8 21. Be3
Qd7 22. Bd4 f6 23. Rae1 Rxe2 24. Rxe2 Re8 25. Bc5 Nd5 26. Kh2 Rxe2 27. Bxe2 Qe6
28. Bc4 Kg8 29. Qb3 Qe5+ 30. g3 Bc8 31. Qb6 Qf5 32. Qd8+ Kf7 33. Qe7+ Kg8 34.
Qe8+ Kh7 35. Bd3 Qxd3 36. Qxc8 Qc2 37. Bd4 Qd3 38. Ba7 Qc2 39. Qxb7 Qd2 40.
Qxc6 Nf4 41. gxf4 Qxf4+ 42. Kg2 Qg5+ 43. Kf1 1-0

[Event "17. Europa ch Juvenil - Masculino s16"]
[Site "Sibenik CRO"]
[Date "2007.09.15"]
[Round "2.29"]
[White "Tofil, Borys"]
[Black "Krivec, Sandi"]
[Result "1-0"]
[WhiteElo "2148"]
[BlackElo "2003"]
[PlyCount "77"]
[EventDate "2007.09.14"]
[EventType "swiss"]
[EventRounds "9"]
[EventCountry "CRO"]
[Source "lmi"]
[SourceDate "2007.09.14"]

1. d4 d5 2. Nc3 Nf6 3. Bg5 Bf5 4. f3 c6 5. Qd2 Nbd7 6. O-O-O Qa5 7. Qf4 e6 8.
Bxf6 Nxf6 9. e4 dxe4 10. fxe4 Bg4 11. Be2 Bxe2 12. Ngxe2 b5 13. e5 Nd5 14. Nxd5
cxd5 15. Rhf1 Qc7 16. Rd3 a5 17. Kb1 a4 18. Qd2 Ra7 19. Nf4 g6 20. Nh3 Qc4 21.
Qf4 b4 22. Qf6 b3 23. axb3 axb3 24. Rxb3 Qa6 25. Rb8+ Kd7 26. Qd8+ Kc6 27. Qc8+
Qxc8 28. Rxc8+ Kb5 29. Ng5 Bg7 30. Rxh8 Bxh8 31. Rxf7 Rxf7 32. Nxf7 Bg7 33. Ng5
Bh6 34. Nxe6 Kc6 35. c3 Kd7 36. Nc5+ Kc6 37. h3 Bf4 38. Nd3 Bg3 39. Nb4+ 1-0

[Event "17. Europa ch Juvenil - Masculino s16"]
[Site "Sibenik CRO"]
[Date "2007.09.15"]
[Round "2.30"]
[White "Nuri, Kambez"]
[Black "Silva, Miguel Alexandre Go"]
[Result "1-0"]
[WhiteElo "2142"]
[BlackElo "1999"]
[PlyCount "119"]
[EventDate "2007.09.14"]
[EventType "swiss"]
[EventRounds "9"]
[EventCountry "CRO"]
[Source "lmi"]
[SourceDate "2007.09.14"]

1. e4 c5 2. Nf3 d6 3. d4 cxd4 4. Nxd4 Nf6 5. Nc3 g6 6. Be3 Bg7 7. f3 O-O 8. Qd2
Nc6 9. Bc4 Bd7 10. O-O-O Qa5 11. Bb3 Rfc8 12. h4 Ne5 13. Kb1 Nc4 14. Bxc4 Rxc4
15. Nb3 Qc7 16. Bd4 Be6 17. h5 a5 18. a4 b5 19. Nxb5 Qb8 20. Bc3 Rxa4 21. N5d4
Rc4 22. Nxe6 fxe6 23. hxg6 hxg6 24. Qd3 Rxc3 25. Qxc3 Nd5 26. Qc4 Nc3+ 27. bxc3
a4 28. Qxe6+ Kf8 29. Rd4 axb3 30. cxb3 Qc7 31. Rc4 Qb7 32. Kb2 Qa6 33. Ra4 Qe2+
34. Ka3 Rb8 35. Qc4 Qxg2 36. Qc7 Ra8 37. Ra1 Qxf3 38. Qc4 Qf7 39. Rf1 Bf6 40.
Qxf7+ Kxf7 41. c4 Ke6 42. b4 Rc8 43. Kb3 Ke5 44. b5 g5 45. b6 g4 46. b7 Rb8 47.
Rb4 g3 48. Ka4 Kxe4 49. c5+ Kd5 50. cxd6 Kxd6 51. Rd1+ Kc7 52. Rc1+ Kd8 53. Ka5
Be5 54. Ka6 g2 55. Rg4 Bd6 56. Rxg2 Kd7 57. Rgc2 e5 58. Rc8 e4 59. Rxb8 Bxb8
60. Re1 1-0

[Event "17. Europa ch Juvenil - Masculino s16"]
[Site "Sibenik CRO"]
[Date "2007.09.15"]
[Round "2.31"]
[White "Rubil, Marko"]
[Black "Weber, Christoph"]
[Result "0-1"]
[WhiteElo "2005"]
[BlackElo "2131"]
[PlyCount "128"]
[EventDate "2007.09.14"]
[EventType "swiss"]
[EventRounds "9"]
[EventCountry "CRO"]
[Source "lmi"]
[SourceDate "2007.09.14"]

1. e4 c5 2. Nf3 e6 3. d4 cxd4 4. Nxd4 a6 5. Bd3 Qc7 6. O-O Nf6 7. Qe2 d6 8. c4
Nbd7 9. f4 Be7 10. Kh1 b6 11. Nc3 Bb7 12. Bd2 h5 13. Be1 h4 14. Rf3 Nh5 15. Qd2
g5 16. fxg5 Ne5 17. Rh3 Ng6 18. Nde2 Qd8 19. Bf2 Bxg5 20. Be3 Bxe3 21. Qxe3 Qc7
22. Na4 Bc6 23. Nxb6 Rb8 24. Nd5 Qa5 25. b3 Rxb3 26. Rf1 Rxd3 27. Qxd3 exd5 28.
exd5 Bd7 29. Re3+ Kd8 30. Qb3 Qc5 31. Rxf7 Ne5 32. Rf1 Ng3+ 33. Nxg3 hxg3 34.
Rxg3 Kc7 35. Rg7 Rb8 36. Qc3 Rb4 37. Qa3 a5 38. h3 Kb6 39. Qg3 Qxc4 40. Re1
Qxd5 41. Qf2+ Ka6 42. Qf1+ Qb5 43. Qf6 Qc6 44. Rd1 Nc4 45. a3 Rb3 46. Kh2 a4
47. Rc1 d5 48. Qf7 Qd6+ 49. Kh1 Ne5 50. Qf1+ Bb5 51. Qf4 Qxa3 52. Qxe5 Qxc1+
53. Kh2 Bc6 54. Qd4 Rb6 55. Qd3+ Qc4 56. Qf5 Bb7 57. Qe5 a3 58. Rg4 Qb3 59.
Qe2+ Ka7 60. Rg3 Qb2 61. Qe7 Ra6 62. Qc5+ Qb6 63. Qf8 a2 64. Rg8 Qd6+ 0-1

[Event "17. Europa ch Juvenil - Masculino s16"]
[Site "Sibenik CRO"]
[Date "2007.09.15"]
[Round "2.32"]
[White "Moltsanov, Ivan"]
[Black "Klim, Kamil"]
[Result "*"]
[WhiteElo "2003"]
[BlackElo "2126"]
[PlyCount "20"]
[EventDate "2007.09.14"]
[EventType "swiss"]
[EventRounds "9"]
[EventCountry "CRO"]
[Source "lmi"]
[SourceDate "2007.09.14"]

1. e4 c5 2. d3 Nc6 3. f4 g6 4. Nf3 Bg7 5. g3 d6 6. Bg2 e6 7. O-O Nge7 8. c3 O-O
9. Be3 b6 10. Nbd2 Ba6 *

[Event "17. Europa ch Juvenil - Masculino s16"]
[Site "Sibenik CRO"]
[Date "2007.09.15"]
[Round "2.34"]
[White "Sucic, Mihael"]
[Black "Kilpatrick, Callum"]
[Result "0-1"]
[WhiteElo "1967"]
[BlackElo "2120"]
[PlyCount "46"]
[EventDate "2007.09.14"]
[EventType "swiss"]
[EventRounds "9"]
[EventCountry "CRO"]
[Source "lmi"]
[SourceDate "2007.09.14"]

1. d4 Nf6 2. c4 g6 3. Nc3 d5 4. Nf3 Bg7 5. Qb3 dxc4 6. Qxc4 O-O 7. e4 a6 8. e5
Nfd7 9. e6 fxe6 10. Be3 b5 11. Qb3 Nf6 12. a4 b4 13. Qxb4 Nc6 14. Qc5 Qd6 15.
Bc4 Qxc5 16. dxc5 Rb8 17. Ng5 Rxb2 18. Bxe6+ Bxe6 19. Nxe6 Ng4 20. Nxg7 Nxe3
21. fxe3 Kxg7 22. Ra2 Rb3 23. Nd5 Rb1+ 0-1

[Event "17. Europa ch Juvenil - Masculino s16"]
[Site "Sibenik CRO"]
[Date "2007.09.15"]
[Round "2.35"]
[White "Jefic, Srdjan"]
[Black "Bekarovski, Filip"]
[Result "1/2-1/2"]
[WhiteElo "2103"]
[BlackElo "1950"]
[PlyCount "84"]
[EventDate "2007.09.14"]
[EventType "swiss"]
[EventRounds "9"]
[EventCountry "CRO"]
[Source "lmi"]
[SourceDate "2007.09.14"]

1. e4 c6 2. d4 d5 3. Nd2 dxe4 4. Nxe4 Bf5 5. Ng3 Bg6 6. h4 h6 7. h5 Bh7 8. Nf3
Nd7 9. Bd3 Bxd3 10. Qxd3 e6 11. Bd2 Qc7 12. O-O-O Ngf6 13. Ne4 Nxe4 14. Qxe4
Nf6 15. Qe2 O-O-O 16. Kb1 Bd6 17. c4 c5 18. Bc3 Rhe8 19. dxc5 Bxc5 20. Rxd8+
Rxd8 21. Ne5 Bd4 22. Rc1 Bxc3 23. Rxc3 Rd4 24. Nf3 Re4 25. Qd3 Rg4 26. g3 Qc5
27. Rc2 Qxh5 28. Rd2 Qf5 29. Qxf5 exf5 30. Ne5 Re4 31. Nxf7 Re1+ 32. Kc2 Ne4
33. Nd6+ Kc7 34. Nxe4 Rxe4 35. Kd3 g5 36. f3 Re6 37. Rh2 f4 38. gxf4 gxf4 39.
Kd4 Re3 40. Rxh6 Rxf3 41. Rf6 Rf2 42. b4 Rxa2 1/2-1/2

[Event "17. Europa ch Juvenil - Masculino s16"]
[Site "Sibenik CRO"]
[Date "2007.09.15"]
[Round "2.37"]
[White "Boje, Tobias"]
[Black "Kanmazalp, Ogulcan"]
[Result "0-1"]
[WhiteElo "1931"]
[BlackElo "2093"]
[PlyCount "92"]
[EventDate "2007.09.14"]
[EventType "swiss"]
[EventRounds "9"]
[EventCountry "CRO"]
[Source "lmi"]
[SourceDate "2007.09.14"]

1. e4 c5 2. Nc3 Nc6 3. g3 g6 4. Bg2 Bg7 5. d3 d6 6. Be3 e5 7. Qd2 Nge7 8. Bh6
Bxh6 9. Qxh6 Be6 10. Nge2 Nd4 11. Qd2 Qd7 12. O-O O-O 13. f4 f6 14. Rf2 Kg7 15.
Raf1 Rad8 16. a3 b5 17. Nd1 Bg4 18. Nxd4 cxd4 19. c3 Nc6 20. cxd4 exd4 21. Bf3
Be6 22. f5 Bg8 23. fxg6 hxg6 24. h4 Be6 25. Rh2 Rh8 26. Qf2 Rdf8 27. Kg2 d5 28.
Qe2 Ne5 29. Kg1 dxe4 30. Bxe4 Bg4 31. Qd2 Qd6 32. Qf4 f5 33. Bh1 Qf6 34. Nf2
Rc8 35. Nxg4 Nxg4 36. Re1 Nxh2 37. Kxh2 Rhe8 38. Rxe8 Rxe8 39. Bd5 Qe5 40.
Qxe5+ Rxe5 41. Bf3 Re3 42. Bc6 Rxd3 43. Bxb5 Rb3 44. Bc4 Rxb2+ 45. Kg1 Rc2 46.
Bb5 Rc3 0-1

[Event "17. Europa ch Juvenil - Masculino s16"]
[Site "Sibenik CRO"]
[Date "2007.09.15"]
[Round "2.39"]
[White "Stocko, Josip"]
[Black "Poleshchuk, Dmitriy"]
[Result "0-1"]
[WhiteElo "1874"]
[BlackElo "2073"]
[PlyCount "62"]
[EventDate "2007.09.14"]
[EventType "swiss"]
[EventRounds "9"]
[EventCountry "CRO"]
[Source "lmi"]
[SourceDate "2007.09.14"]

1. d4 Nf6 2. Nf3 g6 3. Bf4 Bg7 4. e3 O-O 5. h3 d6 6. Be2 Nfd7 7. O-O e5 8. Bh2
f5 9. c4 Nc6 10. Nc3 g5 11. d5 Ncb8 12. Rc1 a5 13. a3 Na6 14. Rb1 h5 15. Nd2 g4
16. hxg4 hxg4 17. e4 Nf6 18. f3 gxf3 19. Bxf3 f4 20. Rf2 Qe8 21. g3 Qg6 22. Ne2
Nc5 23. Qc2 Bg4 24. Bxg4 Nxg4 25. Rff1 Ne3 26. Qc3 Nxf1 27. Rxf1 Qg4 28. Rf2
fxg3 29. Nxg3 Rxf2 30. Kxf2 Bh6 31. Nf3 Bf4 0-1

[Event "17. Europa ch Juvenil - Masculino s16"]
[Site "Sibenik CRO"]
[Date "2007.09.15"]
[Round "2.41"]
[White "Vranar, Viktor"]
[Black "Thorgeirsson, Sverrir"]
[Result "0-1"]
[WhiteElo "1729"]
[BlackElo "2064"]
[PlyCount "54"]
[EventDate "2007.09.14"]
[EventType "swiss"]
[EventRounds "9"]
[EventCountry "CRO"]
[Source "lmi"]
[SourceDate "2007.09.14"]

1. e4 e6 2. d4 d5 3. Nd2 Nf6 4. e5 Nfd7 5. Bd3 c5 6. c3 Nc6 7. Ngf3 a5 8. O-O
cxd4 9. cxd4 g6 10. Nb1 Bg7 11. Nc3 O-O 12. b3 f6 13. Ba3 Re8 14. exf6 Bxf6 15.
Bb5 Qb6 16. Bxc6 bxc6 17. Na4 Qc7 18. Rc1 e5 19. dxe5 Nxe5 20. Qxd5+ cxd5 21.
Rxc7 Nxf3+ 22. gxf3 Bh3 23. Rfc1 Re2 24. Nc3 Bxc3 25. R7xc3 d4 26. Rd3 Rd8 27.
Rdd1 d3 0-1

[Event "17. Europa ch Juvenil - Masculino s16"]
[Site "Sibenik CRO"]
[Date "2007.09.16"]
[Round "3.1"]
[White "Salgado Lopez, Ivan"]
[Black "Bregadze, Levan"]
[Result "1/2-1/2"]
[WhiteElo "2456"]
[BlackElo "2324"]
[PlyCount "47"]
[EventDate "2007.09.14"]
[EventType "swiss"]
[EventRounds "9"]
[EventCountry "CRO"]
[Source "lmi"]
[SourceDate "2007.09.14"]

1. e4 c5 2. Nf3 d6 3. d4 cxd4 4. Nxd4 Nf6 5. Nc3 Nc6 6. Bg5 e6 7. Qd2 Qb6 8.
Nb3 Be7 9. O-O-O O-O 10. f3 Rd8 11. Nb5 Rd7 12. Be3 Qd8 13. N5d4 Ne5 14. g4 d5
15. g5 Nh5 16. exd5 exd5 17. Nf5 Nc4 18. Bxc4 dxc4 19. Nxe7+ Qxe7 20. Nd4 Rd5
21. Qc3 Bd7 22. Rhe1 Rc8 23. Ne2 Rxd1+ 24. Rxd1 1/2-1/2

[Event "17. Europa ch Juvenil - Masculino s16"]
[Site "Sibenik CRO"]
[Date "2007.09.16"]
[Round "3.2"]
[White "Durarbeyli, Vasif"]
[Black "Goganov, Aleksey"]
[Result "1/2-1/2"]
[WhiteElo "2417"]
[BlackElo "2309"]
[PlyCount "76"]
[EventDate "2007.09.14"]
[EventType "swiss"]
[EventRounds "9"]
[EventCountry "CRO"]
[Source "lmi"]
[SourceDate "2007.09.14"]

1. e4 e6 2. d4 d5 3. Nd2 c5 4. exd5 exd5 5. Ngf3 Nc6 6. Bb5 Bd6 7. dxc5 Bxc5 8.
O-O Nge7 9. Nb3 Bd6 10. h3 O-O 11. c3 Bc7 12. Bd3 Bf5 13. Bg5 Be4 14. Bxe7 Qxe7
15. Re1 Rac8 16. Bxe4 dxe4 17. Qd5 Rfe8 18. Nbd2 Qf6 19. Nxe4 Qf4 20. Qd7 Red8
21. Qg4 Bb8 22. Rad1 h6 23. g3 Qxg4 24. hxg4 Kf8 25. Kg2 b6 26. g5 hxg5 27.
Nfxg5 Ne5 28. Rh1 Kg8 29. Nf3 Nc6 30. Rde1 Re8 31. Rh5 f6 32. g4 Rcd8 33. Rhh1
Bf4 34. Nh4 Ne5 35. Nf5 Nd3 36. Re2 Nc1 37. Ree1 Nd3 38. Re2 Nc1 1/2-1/2

[Event "17. Europa ch Juvenil - Masculino s16"]
[Site "Sibenik CRO"]
[Date "2007.09.16"]
[Round "3.3"]
[White "Lavrik, Dmitry"]
[Black "Huschenbeth, Niclas"]
[Result "1-0"]
[WhiteElo "2371"]
[BlackElo "2306"]
[PlyCount "131"]
[EventDate "2007.09.14"]
[EventType "swiss"]
[EventRounds "9"]
[EventCountry "CRO"]
[Source "lmi"]
[SourceDate "2007.09.14"]

1. e4 e5 2. Bc4 Bc5 3. Nf3 Nc6 4. c3 Nf6 5. d4 exd4 6. e5 d5 7. Bb5 Ne4 8. cxd4
Bb4+ 9. Bd2 Nxd2 10. Nbxd2 Bd7 11. O-O O-O 12. Bd3 Bg4 13. h3 Bh5 14. Nb3 f6
15. e6 Re8 16. a3 Bf8 17. Re1 Qd6 18. Qc2 Bg6 19. Bxg6 hxg6 20. Nc5 Nxd4 21.
Nxd4 Qxc5 22. Qxg6 Qxd4 23. Qf7+ Kh8 24. Rad1 Qc5 25. Qh5+ Kg8 26. Rxd5 Qe7 27.
Qg6 Rad8 28. Rh5 Qxe6 29. Rxe6 Rd1+ 30. Kh2 Rxe6 31. Qc2 Bd6+ 32. g3 Rde1 33.
Rf5 g6 34. Rf3 Kg7 35. b4 R1e5 36. Qb3 a6 37. Kg2 Re2 38. h4 R6e5 39. Qa4 Re7
40. Qd1 R2e5 41. Qd3 a5 42. Rf4 axb4 43. axb4 R7e6 44. Rg4 f5 45. Rg5 Be7 46.
Qd7 Kh6 47. Qc8 Kh7 48. Qxc7 Kh6 49. Qc8 Kh7 50. Qxb7 Kh6 51. Qc8 Kg7 52. Qc7
Kh6 53. b5 Bc5 54. Qf7 Re2 55. Kh3 Bd4 56. Qg8 Re1 57. g4 fxg4+ 58. Rxg4 Bg7
59. h5 g5 60. Qd8 Rf6 61. Qd5 Kh7 62. Qxg5 Re7 63. Kg2 Ref7 64. Kg1 Kh8 65. h6
Rxh6 66. Rh4 1-0

[Event "17. Europa ch Juvenil - Masculino s16"]
[Site "Sibenik CRO"]
[Date "2007.09.16"]
[Round "3.4"]
[White "Piorun, Kacper"]
[Black "Lomsadze, Davit"]
[Result "0-1"]
[WhiteElo "2359"]
[BlackElo "2305"]
[PlyCount "148"]
[EventDate "2007.09.14"]
[EventType "swiss"]
[EventRounds "9"]
[EventCountry "CRO"]
[Source "lmi"]
[SourceDate "2007.09.14"]

1. e4 e5 2. Nf3 Nc6 3. Bb5 a6 4. Ba4 d6 5. O-O Bd7 6. c3 g6 7. d4 Bg7 8. Re1
Nge7 9. d5 Nb8 10. Bc2 O-O 11. c4 h6 12. Nc3 Bg4 13. h3 Bc8 14. Rb1 Nd7 15. b4
b6 16. Nd2 f5 17. Bd3 Nf6 18. f3 Nh5 19. c5 Nf4 20. Bf1 g5 21. Nc4 Neg6 22.
cxb6 g4 23. b7 Bxb7 24. exf5 gxf3 25. Qxf3 Rxf5 26. Bxf4 Nh4 27. Qd3 exf4 28.
Na5 Rb8 29. Nxb7 Rxb7 30. Ne4 Rb8 31. Nd2 f3 32. Nxf3 Nxf3+ 33. gxf3 Qg5+ 34.
Bg2 Rbf8 35. f4 Rxf4 36. Re4 Be5 37. Qe2 Rxe4 38. Qxe4 Rf4 39. Qe2 Bd4+ 40. Kh1
Rf2 41. Qe8+ Kg7 42. Qe4 Be5 43. Rf1 Qg3 44. Qg4+ Qxg4 45. hxg4 Rxa2 46. Be4
Rb2 47. Bd3 Rxb4 48. Bxa6 Rxg4 49. Rc1 Ra4 50. Rxc7+ Kf6 51. Bc8 Kg5 52. Kg2
Ra2+ 53. Kf3 Ra3+ 54. Kg2 h5 55. Rf7 Bf6 56. Rc7 h4 57. Rc4 Rg3+ 58. Kf2 Be5
59. Rc7 Rd3 60. Rh7 Rxd5 61. Ke3 Rc5 62. Be6 d5 63. Bf7 Rc3+ 64. Ke2 d4 65.
Rh5+ Kf6 66. Be8 Re3+ 67. Kd2 Bf4 68. Rxh4 Kg5 69. Rxf4 Kxf4 70. Bg6 Rg3 71.
Bh7 Rg7 72. Bb1 Rg2+ 73. Kd3 Rb2 74. Bc2 Rxc2 0-1

[Event "17. Europa ch Juvenil - Masculino s16"]
[Site "Sibenik CRO"]
[Date "2007.09.16"]
[Round "3.5"]
[White "Balazs, Gabor"]
[Black "Hamitevici, Vladimir"]
[Result "0-1"]
[WhiteElo "2305"]
[BlackElo "2333"]
[PlyCount "72"]
[EventDate "2007.09.14"]
[EventType "swiss"]
[EventRounds "9"]
[EventCountry "CRO"]
[Source "lmi"]
[SourceDate "2007.09.14"]

1. d4 Nf6 2. c4 e6 3. Nc3 Bb4 4. Qc2 Nc6 5. Nf3 O-O 6. Bd2 d6 7. a3 Bxc3 8.
Bxc3 Re8 9. e3 e5 10. d5 Ne7 11. Nd2 c6 12. e4 Nh5 13. g3 f5 14. Be2 Nf6 15. f3
fxe4 16. fxe4 Bh3 17. O-O-O c5 18. Rhg1 Qd7 19. Nf1 h5 20. Ne3 Rf8 21. Bf1 Rf7
22. Bg2 Raf8 23. Rdf1 Kh7 24. Rf2 Bxg2 25. Rgxg2 Ng4 26. Nxg4 Qxg4 27. Be1 Rxf2
28. Rxf2 Rxf2 29. Bxf2 Ng8 30. Kd2 Qf3 31. Ke1 Nf6 32. Qe2 Qh1+ 33. Kd2 Qxh2
34. b4 b6 35. bxc5 bxc5 36. Qf3 Qxf2+ 0-1

[Event "17. Europa ch Juvenil - Masculino s16"]
[Site "Sibenik CRO"]
[Date "2007.09.16"]
[Round "3.6"]
[White "Rasulov, Vugar"]
[Black "Nabaty, Tamir"]
[Result "1-0"]
[WhiteElo "2297"]
[BlackElo "2421"]
[PlyCount "177"]
[EventDate "2007.09.14"]
[EventType "swiss"]
[EventRounds "9"]
[EventCountry "CRO"]
[Source "lmi"]
[SourceDate "2007.09.14"]

1. e4 e5 2. Nf3 Nc6 3. Bb5 a6 4. Ba4 Nf6 5. O-O Bc5 6. c3 O-O 7. d4 Ba7 8. Re1
d6 9. h3 Nd7 10. Be3 b5 11. Bc2 Bb7 12. Nbd2 exd4 13. cxd4 Nb4 14. Bb1 c5 15.
Bf4 cxd4 16. Bxd6 Nc5 17. Bxf8 Qxf8 18. Nb3 Ne6 19. Na5 Qe7 20. a3 Nc6 21. Nxb7
Qxb7 22. e5 Rd8 23. Qd3 g6 24. b4 Ne7 25. Ba2 Qd7 26. Rac1 Nd5 27. Bxd5 Qxd5
28. g3 Qd7 29. Nd2 Nc7 30. Ne4 Nd5 31. h4 Kg7 32. Qf3 Qe7 33. Nf6 Nc3 34. Ng4
h5 35. Qf6+ Qxf6 36. exf6+ Kf8 37. Ne5 Rd6 38. Kg2 Bb6 39. g4 hxg4 40. Nxg4 Bd8
41. Rc2 Bxf6 42. Nxf6 Rxf6 43. Rd2 Rd6 44. Rd3 Kg7 45. Kf1 Kf6 46. Re8 Kf5 47.
Ke1 Kf4 48. Rc8 Na4 49. Rc2 Nb6 50. Rcd2 Ke4 51. f3+ Ke5 52. Re2+ Kd5 53. Re4
Kc4 54. Kd2 Na4 55. Kc2 f5 56. Re5 Rc6 57. f4 a5 58. Re8 axb4 59. Rd8 bxa3 60.
R8xd4+ Kc5 61. Kb3 Nb6 62. Kxa3 Re6 63. Kb3 Re1 64. Rd6 Rg1 65. Re6 Nc4 66. Re8
Rb1+ 67. Kc2 Rb2+ 68. Kc1 Rf2 69. Re6 Rf1+ 70. Kc2 Rf2+ 71. Kc1 Rxf4 72. Rh3
Rg4 73. h5 gxh5 74. Rxh5 Rf4 75. Rf6 Rf1+ 76. Kc2 Rf2+ 77. Kc1 Rf1+ 78. Kc2 Kb4
79. Kd3 f4 80. Rff5 Nd6 81. Rd5 f3 82. Ke3 Nc4+ 83. Kf4 f2 84. Kg3 Ne3 85.
Rxb5+ Kc4 86. Kf3 Re1 87. Kxf2 Nc2 88. Rbc5+ Kd3 89. Rxc2 1-0